| 000 | 00744nam a22002057a 4500 | ||
|---|---|---|---|
| 005 | 20220322143226.0 | ||
| 008 | 220322b ||||| |||| 00| 0 eng d | ||
| 020 | _a8126005564AL | ||
| 040 | _cAL | ||
| 041 | _aKannada | ||
| 082 |
_223 _a398.1K _bHANJ |
||
| 100 |
_aKrishnamurthy Hanuru ಕೃಷ್ಣಮೂರ್ತಿ ಹನೂರು _925035 |
||
| 245 | _aJanapada Mattu Budakattu Geethegalu ಜನಪದ ಮತ್ತು ಬುಡಕಟ್ಟು ಗೀತೆಗಳು | ||
| 260 |
_aBengaluru _bSahitya Akademi _c2019 |
||
| 300 |
_a208 p. _bPB _c21x14 cm. |
||
| 365 |
_aBLCR-000132 _b₹144.00 _c₹ _d₹180.00 _e20% _f11-03-2022 |
||
| 650 |
_aJanapada ಜನಪದ _925036 |
||
| 700 |
_aHANURU (Krishnamurthy) _925037 |
||
| 942 |
_2ddc _cBK |
||
| 999 |
_c221985 _d221985 |
||